| 000 | 00401 a2200121 4500 | ||
|---|---|---|---|
| 001 | ART_11804 | ||
| 005 | 20260410161900.0 | ||
| 008 | 260409a | ||
| 245 | 1 | 0 | _aImplicit social preferences in the Norwegian system of indirect taxation |
| 100 | 1 | _aChristiansen, Vidar | |
| 700 | 1 | _aJansen, Eilev S. | |
| 773 | 0 |
_tJournal of public economics _g- Vol. 10, NÂș 2 (oct. 1978) _wREV11485 |
|
| 999 |
_c25850 _d25850 |
||